000 00302nam a22001337a 4500
020 _a817826347-5
082 _a823
_bSHA/T
100 _aWILLIAM SHAKESPEAR
245 _aTWELFTH NIGHT
260 _aDELHI
_bROHAN BOOK COMPANY
_c2003
300 _a218
650 _aMODERN ILLUSTRATED CLASSICS
942 _cBK
999 _c320
_d320